| 000 | 00730nam a2200229 a 4500 | ||
|---|---|---|---|
| 005 | 20210223132652.0 | ||
| 008 | 150610s2014 mx r 000 0 spa d | ||
| 020 | _a9786079276874 | ||
| 035 | _aUPN01000204240 | ||
| 049 | _aCG | ||
| 050 | 4 |
_aPQ7298.1 L9.2 _bG5.6 2014 |
|
| 100 | 1 |
_aAlvarez Ponce de León, Griselda, _d1913-2009 _937548 |
|
| 245 | 1 | 0 |
_aGlosa de la constitución en sonetos / _cGriselda Alvarez Ponce de León. |
| 250 | _a6a ed. | ||
| 260 |
_aMéxico : _bINEHRM : _bSEP, _c2014. |
||
| 300 | _ax, 145 p. | ||
| 440 | 0 |
_aBiblioteca mexicana del conocimiento. _pEstudios constitucionales |
|
| 610 | 2 | 4 |
_aMEXICO. _bCONSTITUCION - _vPOESIA _924025 |
| 650 | 4 |
_aSONETOS _924026 |
|
| 905 | _aLibro | ||
| 999 |
_c176341 _d176341 |
||